Estructura económica internacional /
Guardado en:
| Autor Principal: | |
|---|---|
| Otros Autores: | |
| Formato: | Libro |
| Idioma: | Spanish |
| Publicado: |
Madrid :
Alianza,
1999.
|
| Edición: | 19a. ed. rev. y ampliada. |
| Series: | Manuales / Ciencias Sociales ;
024 |
| Materias: | |
| Etiquetas: |
Agregar Etiqueta
Sin Etiquetas, Sea el primero en etiquetar este registro!
|
| LEADER | 01011nam a2200289 a 4500 | ||
|---|---|---|---|
| 001 | EEO.eeo000013 | ||
| 008 | 830519s1999####sp#####g#b####001#0#spa#d | ||
| 005 | 20130612120223.0 | ||
| 245 | 1 | 0 | |a Estructura económica internacional / |c Ramón Tamames, Begoña G. Huerta. |
| 250 | |a 19a. ed. rev. y ampliada. | ||
| 260 | |a Madrid : |b Alianza, |c 1999. | ||
| 300 | |a 570 p. ; |c 24 cm. | ||
| 490 | 0 | |a Manuales / Ciencias Sociales ; |v 024 | |
| 504 | |a Incluye referencias bibliográficas e indices. | ||
| 020 | |a 8420681873 | ||
| 100 | 1 | |a Tamames, Ramón, |d 1933- | |
| 700 | 1 | |a Huerta, Begoña G. | |
| 082 | 0 | 0 | |a 337 |2 19 |
| 650 | 7 | |a Economía internacional. |2 Isoc | |
| 650 | 7 | |a Historia económica. |2 Isoc | |
| 650 | 7 | |a Integración económica. |2 Isoc | |
| 650 | 7 | |a Nuevo orden económico internacional. |2 Isoc | |
| 650 | 7 | |a Organizaciones internacionales. |2 Isoc | |
| 010 | |a 83124458 | ||
| 040 | |a DLC |d AB-BaUEB |c DLC |d DLC | ||
| 050 | 0 | 0 | |a HF1411 |b .T255 1982 |
| 859 | |a AR-BaUEB |b BIB. ECONOMIA - General |h 338.91 |i T15a19 |p e13571 | ||
